000 00644nam a2200181 4500
001 136428
003 ES-MaACL
005 20240516063046.0
007 t|
008 070214q1915 sp r ||||1| spa d
100 0 _aRuskin, John,
_d1819-1900
_9101026
245 1 0 _aPrerrafaelismo
_b: conferencias sobre arquitectura y pintura /
_cJohn Ruskin ; con ilustraciones del autor ; traducción directa del inglés de E. Morales Veloso.
260 _aMadrid :
_bFrancisco Beltrán,
_c[1915?]
300 _a333 p. ;
_c20 cm.
700 1 _aMorales Veloso, E.
_983081
852 _aES-MaACL
_jA-5263
_bR.18986
999 _c136428
_d136428